000 00390nam a22001217a 4500
020 _a9789993615187
082 _222
_a495.4416
100 _aWangchuk Rinzin,
245 _aNge ma ley druk gi lung chog tsu nang laab syel ye pai ming tsig gi tha nge ling bui dang yang /
260 _aThimphu,
_bDzongkahg Development Commission,
_cc2012.
300 _a87p. ;
_bill. ;
_c20 cm.
942 _2ddc
_cGEN
999 _c2604
_d2604